Evaluation desperformances de reproduction des lapines en selection au CE.CU.RI. au cours de l'année 2006 (Record no. 47851)

MARC details
000 -LEADER
fixed length control field 00550nam a22001817a 4500
003 - CONTROL NUMBER IDENTIFIER
control field 0
005 - DATE AND TIME OF LATEST TRANSACTION
control field 20160609165847.0
008 - FIXED-LENGTH DATA ELEMENTS--GENERAL INFORMATION
fixed length control field 101004t xxu||||| |||| 00| 0 eng d
040 ## - SOURCE DU CATALOGAGE
Original cataloging agency BUAC
Transcribing agency BEPAC
100 ## - VEDETTE PRINCIPALE - NOM DE PERSONNE
Personal name Tanimomo , Emannuel
9 (RLIN) 9438
130 ## - VEDETTE PRINCIPALE - TITRE UNIFORME
Language of a work fr
9 (RLIN) 9439
245 ## - TITLE STATEMENT
Title Evaluation desperformances de reproduction des lapines en selection au CE.CU.RI. au cours de l'année 2006
260 ## - PUBLICATION, DISTRIBUTION, ETC. (IMPRINT)
Place of publication, distribution, etc EPAC-UAC
Name of publisher, distributor, etc EPAC-UAC
Date of publication, distribution, etc 2008-2007
300 ## - PHYSICAL DESCRIPTION
Extent 64p.
650 ## - SUBJECT ADDED ENTRY--TOPICAL TERM
Topical term or geographic name as entry element REPRODUCTION DES LAPINES
9 (RLIN) 9440
700 ## - ADDED ENTRY--PERSONAL NAME
Personal name Kpodekon , T. Marc
9 (RLIN) 9441
942 ## - ADDED ENTRY ELEMENTS (KOHA)
Koha item type Thèse et Memoire
Holdings
Withdrawn status Lost status Damaged status Not for loan Location (home branch) Sublocation or collection (holding branch) Date acquired Source of acquisition Koha issues (times borrowed) Koha full call number Piece designation (barcode) Koha date last seen Copy number Price effective from Koha item type
        Bibliothèque Ecole Polytechnique d'Abomey-Calavi Bibliothèque Ecole Polytechnique d'Abomey-Calavi 04/10/2010 Dépot légal   26.PSA/TAN M15670EPAC 04/10/2010 1 04/10/2010 Thèse et Memoire
        Bibliothèque Ecole Polytechnique d'Abomey-Calavi Bibliothèque Ecole Polytechnique d'Abomey-Calavi 04/10/2010 Dépot légal   26.PSA/TAN M15671EPAC 04/10/2010 2 04/10/2010 Thèse et Memoire
        Bibliothèque Ecole Polytechnique d'Abomey-Calavi Bibliothèque Ecole Polytechnique d'Abomey-Calavi 04/10/2010 Dépot légal   26.PSA/TAN M15672EPAC 04/10/2010 3 04/10/2010 Thèse et Memoire


© 2008, Bibliothèques de l'Université d'Abomey-Calavi

04 BP 789 Cotonou, Tél. : +229 21 36 01 01, Fax : +229 21 35 06 32

Courriel : bu@bu.uac.bj